000 00337nam a2200133Ia 4500
005 20260328101530.0
008 260328s9999||||xx |||||||||||||| ||und||
100 _aWeisskamp, Herbert
245 0 _aHotels an International Survey /
_cHerbert Weisskamp
260 _bHatje
300 _a209 p.
650 _aARQUITECTURA CIVIL
942 _cBK
999 _c9959
_d9959